| 000 | 00758cam a2200277 4500 | ||
|---|---|---|---|
| 008 | 090401t1998 xxu||||| |||| 00| 0 eng d | ||
| 020 | _a1858111374 | ||
| 035 | _a(Sirsi) u87808 | ||
| 041 | _aeng | ||
| 050 | _a614.7026 | ||
| 100 | _h | ||
| 245 | _aEnvironmental liability : issues for corporate and property professionals. | ||
| 250 | _a2nd ed. | ||
| 260 |
_aBirmingham _bCLT Professional Publishing _c1998 |
||
| 300 | _axvi,166p. ; 24cm. | ||
| 350 | _a28 | ||
| 650 | _aAIR POLLUTION | ||
| 650 | _aCONTAMINATED LAND | ||
| 650 | _aENVIRONMENTAL LIABILITY | ||
| 650 | _aSTATUTORY NUISANCE | ||
| 650 | _aWASTE MANAGEMENT | ||
| 650 | _aWATER POLLUTION | ||
| 690 | _aENVIRONMENTAL AND LAND CONSULTANCY | ||
| 942 | _n0 | ||
| 948 | _c04/08/1998 | ||
| 999 |
_c97271 _d97271 |
||